Strategic relevance of the marketing-sales interface

Bibliographic Details
Corporate Author: ProQuest (Firm)
Other Authors: Matthyssens, Paul.
Format: Electronic eBook
Language:English
Published: Bradford, England : Emerald Group Publishing, c2006.
Series:Journal of Business & Industrial Marketing ; 21, no. 6
Subjects:
Online Access:Click to View
LEADER 01237nam a2200337Ia 4500
001 EBC285543
003 MiAaPQ
005 20200520144314.0
006 m o d |
007 cr cn|||||||||
008 000815s2006 enk s 000 0 eng d
020 |z 9781846631528 
024 3 |z 9781846631528 
035 |a (MiAaPQ)EBC285543 
035 |a (Au-PeEL)EBL285543 
035 |a (CaPaEBR)ebr10156481 
035 |a (CaONFJC)MIL73752 
035 |a (OCoLC)182530075 
040 |a MiAaPQ  |c MiAaPQ  |d MiAaPQ 
050 4 |a HF5415.1263  |b .S87 2006 
245 0 0 |a Strategic relevance of the marketing-sales interface  |h [electronic resource] /  |c guest editor: Paul Matthyssens. 
260 |a Bradford, England :  |b Emerald Group Publishing,  |c c2006. 
300 |a 72 p. 
490 0 |a Journal of Business & Industrial Marketing ;  |v 21, no. 6 
533 |a Electronic reproduction. Ann Arbor, MI : ProQuest, 2015. Available via World Wide Web. Access may be limited to ProQuest affiliated libraries. 
650 0 |a Sales. 
650 0 |a Industrial marketing. 
655 4 |a Electronic books. 
700 1 |a Matthyssens, Paul. 
710 2 |a ProQuest (Firm) 
856 4 0 |u https://ebookcentral.proquest.com/lib/matrademy/detail.action?docID=285543  |z Click to View